00428nam a22001577a 4500003000400000008004100004082002000045100004100065245002900106260006400135300001400199650001800213650001700231650000900248650001300257OSt241114b |||||||| |||| 00| 0 eng d a632.58072bD46A aDirectorate of Weed Science Research aAnnual Report, 2008 - 09 a.- Jabalpurb: Directorate of Weed Science Researchc, 2009 avii,108p. aAnnual Report aWeed Science aDWSR aJabalpur